Statistics for Every Call of Duty MWII weapon

Click here to take the quiz!

General Stats

  • This quiz has been taken 7 times
  • The average score is 24 of 77

Answer Stats

Weapon TypeWeapon% Correct
Assault RifleKastov 762
71%
Assault RifleLachmann-556
71%
Assault RifleKastov-545
57%
Assault RifleKastov-74U
57%
SMGLachmann Sub
57%
Assault RifleM4
57%
Sniper RifleMCPR-300
57%
LMGRPK
57%
Assault RifleTAQ-56
57%
Battle RifleTAQ-V
57%
Handgun.50 GS
43%
MeleeCombat Knife
43%
HandgunGS Magna
43%
SMGISO 45
43%
SMGISO 9mm
43%
Assault RifleIso Hemlock
43%
Battle RifleLachmann-762
43%
Assault RifleM13B
43%
Assault RifleM13C
43%
Assault RifleM16
43%
MeleeRiot Shield
43%
Sniper RifleSignal 50
43%
Battle RifleSO-14
43%
Assault RifleSTB 556
43%
Marksman RifleTAQ-M
43%
Assault RifleTempus Razorback
43%
Assault RifleTR-76 Geist
43%
SMGVaznev-9K
43%
HandgunX12
43%
HandgunX13 Auto
43%
LMG556 Icarus
29%
HandgunBasilisk
29%
SMGBAS-P
29%
ShotgunBryson 800
29%
ShotgunBryson 890
29%
Battle RifleCronen Squall
29%
Marksman RifleCrossbow
29%
Marksman RifleEBR-14
29%
Assault RifleFR Avancer
29%
Battle RifleFTAC Recon
29%
ShotgunLockwood 300
29%
SMGMinibak
29%
HandgunP890
29%
LMGRaal MG
29%
LMGRapp H
29%
LauncherRPG-7
29%
LMGSakin MG38
29%
Sniper RifleSP-X 80
29%
MeleeTonfa
29%
SMGVEL 46
29%
Handgun9mm Daemon
14%
Sniper RifleCarrack .300
14%
Assault RifleChimera
14%
MeleeDual Kamas
14%
MeleeDual Kodachis
14%
ShotgunExpedite 12
14%
SMGFennec 45
14%
Sniper RifleFJX Imperium
14%
HandgunFTAC Siege
14%
LMGHCR 56
14%
LauncherJOKR
14%
ShotgunKV Broadside
14%
Sniper RifleLA-B 330
14%
SMGLachmann Shroud
14%
Marksman RifleLM-S
14%
Marksman RifleLockwood Mk2
14%
SMGMX9
14%
ShotgunMX Guardian
14%
SMGPDSW 528
14%
MeleePickaxe
14%
LauncherPILA
14%
Marksman RifleSA-B 50
14%
Marksman RifleSP-R 208
14%
LauncherSTRELA-P
14%
Marksman RifleTempus Torrent
14%
Sniper RifleVictus XMR
14%
SMGFFS Hurricane
0%

Score Distribution

Percentile by Number Answered

Percent of People with Each Score

Your Score History

You have not taken this quiz